00814nam a22002532a 450000100060000000300080000600500170001400800410003102000150007203500350008703500190012204000320014104100080017308200260018110000230020724500690023026000730029930000220037249000500039450400400044465000120048465000140049683000500051077136BD-RjUL20211209082929.0200226r19761971nju b 001 0 eng d a0136996604 aOCLC ocm00140249 from D960702M a(BD-RjUL)77360 aDLCcDLCdEQOdBD-RjULbeng aeng 223a658.816bPAP 19761 aPalda, Kristian S.10aPricing decisions and marketing policy /c[by] Kristian S. Palda aEnglewood Cliffs, N.J :bPrentice-Hall,cc1971 [indian reprint 1976] ax, 116 p.;c23 cm1 aPrentice-Hall foundations of marketing series aIncludes bibliographical references 0aPricing 0aMarketing 0aPrentice-Hall foundations of marketing series